[Event "ch-PriFO"]
[Site "Kazan RUS"]
[Date "2009.01.25"]
[Round "5"]
[White "Gainullin,Y"]
[Black "Kamov,I"]
[Result "1-0"]
[WhiteElo "2035"]
[BlackElo "2251"]

1.e4 c5 2.Nf3 e6 3.d4 cxd4 4.Nxd4 a6 5.Bd3 g6 6.c4 Bg7 7.Nb3 d6 8.O-O Nf6
9.Nc3 O-O 10.Be2 Nc6 11.Bf4 e5 12.Bg5 h6 13.Be3 Be6 14.Qd2 Kh7 15.Rfd1 Ne8
16.Rac1 f5 17.f3 f4 18.Bf2 Qg5 19.Kh1 Rd8 20.Qe1 Qh5 21.Bb6 Rd7 22.Nd5 Bf6
23.c5 Bh4 24.Qg1 Rg8 25.Rd2 g5 26.cxd6 g4 27.Nc5 gxf3 28.Bxf3 Bg4 29.Bxg4 Qxg4
30.Nxd7 Qxd7 31.Qd1 Bg5 32.Rc3 Qxd6 33.Nxf4 Nd4 34.Bxd4 Bxf4 35.Be3 Qe6 36.Bxf4 exf4
37.Rd7+ Kh8 38.Qd4+ Nf6 39.Rcc7 Re8 40.Rh7+  1-0

[Event "ch-PriFO"]
[Site "Kazan RUS"]
[Date "2009.01.26"]
[Round "6"]
[White "Gerasimov,I"]
[Black "Sakharov,L"]
[Result "1-0"]
[WhiteElo "2342"]
[BlackElo "2057"]

1.e4 c5 2.Nf3 e6 3.d4 cxd4 4.Nxd4 a6 5.Bd3 Qc7 6.O-O Nc6 7.Nxc6 bxc6 8.Nc3 Nf6
9.f4 Bc5+ 10.Kh1 d5 11.Qf3 Bb7 12.Qg3 O-O 13.Qh3 dxe4 14.Nxe4 Nxe4 15.Bxe4 f5
16.Qc3 Bd6 17.Bf3 Rf6 18.Qc4 Rb8 19.Bd2 Rh6 20.Rae1 Kf7 21.Re5 Bxe5 22.fxe5 Rg6
23.Bh5 c5 24.Rxf5+ Kg8 25.Bxg6 Bd5 26.Bxh7+ Kh8 27.Qh4 exf5 28.Bxf5+ Kg8
29.Bc3 Rb6 30.Qh7+ Kf8 31.Qh8+ Bg8 32.Qh3 Qf7 33.Qf3 Qd5 34.Be4+ Qf7 35.Qe2 Qxa2
36.h3 Qf7 37.Qe3 Rb5 38.Bd3 c4 39.Be2 Rb8 40.Bf3 Rc8 41.Bb4+ Ke8 42.Qb6 Qe6
43.Bh5+ g6 44.Bxg6+ Kd7 45.Qb7+ Rc7 46.Qe4 Qc6 47.Qf5+ Be6 48.Qf8  1-0

[Event "ch-PriFO"]
[Site "Kazan RUS"]
[Date "2009.01.27"]
[Round "7"]
[White "Talov,N"]
[Black "Gerasimov,I"]
[Result "0-1"]
[WhiteElo "2073"]
[BlackElo "2342"]

1.e4 c5 2.Nf3 e6 3.d4 cxd4 4.Nxd4 a6 5.Bd3 d6 6.c4 Nf6 7.Nc3 Be7 8.O-O b6
9.Be3 Bb7 10.f4 Nbd7 11.Nb3 O-O 12.g4 g6 13.g5 Nh5 14.Qg4 Ng7 15.a4 f5 16.gxf6 Nxf6
17.Qe2 Nd7 18.a5 Nc5 19.Nxc5 bxc5 20.Na4 Qc7 21.Nb6 Rae8 22.Qg4 Qc6 23.Ra3 Bf6
24.Rb1 Kh8 25.b4 cxb4 26.Rxb4 Nf5 27.Bf2 Bd4 28.Bxd4+ Nxd4 29.Na4 g5 30.fxg5 Nf3+
31.Kh1 Ne5 32.Qe2 Rf3 33.Rb6 Qc7 34.Nb2 Ref8 35.Rab3 Bc6 36.Kg2 Qf7 37.Kg1 Rf2
38.Qe3 Rf1+ 39.Kg2 Rf2+ 40.Kg1 Ng4 41.Qg3 Rf1+ 42.Kg2 Ne5 43.Qe3 Rf3 44.Qe1 Rf2+  0-1

[Event "ch-PriFO"]
[Site "Kazan RUS"]
[Date "2009.01.27"]
[Round "7"]
[White "Frolyanov,D"]
[Black "Shaposhnikov,E"]
[Result "1/2-1/2"]
[WhiteElo "2564"]
[BlackElo "2544"]

1.e4 c5 2.Nf3 e6 3.d4 cxd4 4.Nxd4 a6 5.Bd3 g6 6.O-O Bg7 7.Nb3 Nc6 8.c4 Nge7
9.Nc3 O-O 10.Be2 f5 11.c5 b6 12.cxb6 Qxb6 13.Be3 Qc7  1/2-1/2

[Event "ch-CUB"]
[Site "Las Tunas CUB"]
[Date "2009.01.27"]
[Round "8"]
[White "Bacallao,Y"]
[Black "Hernandez Carmenates,Hold"]
[Result "1/2-1/2"]
[WhiteElo "2438"]
[BlackElo "2568"]

1.e4 c5 2.Nf3 e6 3.d4 cxd4 4.Nxd4 a6 5.Bd3 Nf6 6.O-O Qc7 7.Nc3 d6 8.Kh1 Nbd7
9.f4 b5 10.Qe2 Bb7 11.Bd2 Be7 12.Rae1 b4 13.Na4 Nc5 14.Nxc5 dxc5 15.e5 cxd4
16.exf6 gxf6 17.a3 bxa3 18.bxa3 Bxa3 19.Qh5 Ke7 20.f5 e5 21.Re2 Bd6 22.Bc1 h6
23.Rf4 Rag8 24.Rg4 Rxg4 25.Qxg4 Kf8 26.Be4 Rg8 27.Qh4 Bxe4 28.Qxe4 a5 29.Bd2 h5
30.Bh6+ Ke7 31.Re1 a4 32.h3 a3 33.Qxd4 Qxc2 34.Qa7+ Qc7 35.Qa6 Qc8 36.Qa7+ Qd7
37.Qa6 Qxf5 38.Rd1 Rd8 39.Bg7 Qg5 40.Qb7+ Rd7 41.Bf8+ Kxf8 42.Qxd7 Be7 43.Rb1 f5
44.Rb8+ Kg7 45.Qc8 Kf6 46.Rb6+ Kg7 47.Rb8 Kf6  1/2-1/2

[Event "7th Gibtelecom Masters"]
[Site "Caleta ENG"]
[Date "2009.01.29"]
[Round "3"]
[White "Hamer,M"]
[Black "Sanchez,Lo"]
[Result "0-1"]
[WhiteElo "2022"]
[BlackElo "2263"]

1.e4 c5 2.Nf3 e6 3.d4 cxd4 4.Nxd4 a6 5.Bd3 Bc5 6.Nb3 Be7 7.Nc3 d6 8.Be3 Nf6
9.O-O Nc6 10.Qe2 b5 11.Rad1 O-O 12.a3 Qc7 13.f4 b4 14.axb4 Nxb4 15.Nd4 Re8
16.Rf3 Ng4 17.Rg3 Nxe3 18.Qxe3 e5 19.Nf5 Bxf5 20.exf5 d5 21.Qf3 e4 22.Qg4 Bf6
23.Bf1 d4 24.Ne2 Nxc2 25.Rc1 d3 26.Nc3 Qb6+ 27.Kh1 Ne3  0-1

[Event "14th HIT Open"]
[Site "Nova Gorica SLO"]
[Date "2009.02.01"]
[Round "3"]
[White "Srebrnic,M"]
[Black "Laco,G"]
[Result "1-0"]
[WhiteElo "2323"]
[BlackElo "2138"]

1.e4 c5 2.Nf3 e6 3.d4 cxd4 4.Nxd4 a6 5.Bd3 b5 6.O-O Bb7 7.a4 b4 8.Nd2 Qc7
9.Nc4 d5 10.exd5 Bxd5 11.Qe2 Nf6 12.Be3 h5 13.g3 Be7 14.a5 e5 15.Nf5 Bxc4
16.Bxc4 O-O 17.Bb6 Qb7 18.Qxe5 Re8 19.Rfe1 Bf8 20.Nh6+ gxh6 21.Qxf6 Nc6 22.Bd5 Rxe1+
23.Rxe1 Rc8 24.Bd4  1-0

[Event "7th Gibtelecom Masters"]
[Site "Caleta ENG"]
[Date "2009.02.02"]
[Round "7"]
[White "Sandipan,C"]
[Black "Kozlov,O"]
[Result "1/2-1/2"]
[WhiteElo "2568"]
[BlackElo "2187"]

1.e4 c5 2.Nf3 e6 3.d4 cxd4 4.Nxd4 a6 5.Bd3 Qb6 6.Nb3 Qc7 7.O-O Nf6 8.c4 b6
9.f4 Bb7 10.Nc3 d6 11.Be3 Be7 12.Qf3 Nbd7 13.Rae1 Rc8 14.Qh3 g6 15.Kh1 O-O
16.Nd2 Rfe8 17.Bb1 Bf8 18.Bd4 Bg7 19.e5 Nh5 20.exd6 Qxd6 21.Bxg7 Kxg7 22.Nde4 Qc7
23.Rd1 Ndf6 24.Qf3 Red8 25.Rxd8 Rxd8 26.b3 Nxe4 27.Bxe4 Bxe4 28.Qxe4 Nf6
29.Qe2 Rd4 30.g3 b5 31.Qe5 Qxe5 32.fxe5 Nd7 33.cxb5 Rd3 34.Rd1 Rxc3 35.Rxd7 axb5
36.Ra7 Re3 37.Kg2 Rxe5 38.Kf3 h5 39.h4 g5 40.hxg5 Rxg5 41.Ra5 Kf6 42.a4 Rf5+
43.Kg2 bxa4 44.Rxf5+ Kxf5 45.bxa4 Ke4 46.Kh3 e5 47.Kh4 Kd5 48.Kxh5 e4 49.Kg4 f5+
50.Kh3 Kc4 51.a5 Kb5 52.Kg2 Kxa5 53.Kf2 Kb5 54.Ke3 Kc5 55.g4 fxg4  1/2-1/2

[Event "Open A"]
[Site "Moscow RUS"]
[Date "2009.02.04"]
[Round "5"]
[White "Kurnosov,I"]
[Black "Dvalishvili,P"]
[Result "1-0"]
[WhiteElo "2602"]
[BlackElo "2480"]

1.e4 c5 2.Nf3 e6 3.d4 cxd4 4.Nxd4 a6 5.Bd3 Qc7 6.O-O d6 7.c4 Nd7 8.Nc3 Ngf6
9.f4 g6 10.f5 exf5 11.exf5 Bg7 12.fxg6 hxg6 13.Bxg6 fxg6 14.Ne6 Qxc4 15.Nd5 Nxd5
16.Nxg7+ Ke7 17.Bg5+ N5f6 18.Rc1 Qb5 19.Qg4 Qb6+ 20.Kh1 d5 21.Qg3 Rf8 22.Qh4 Qxb2
23.Rce1+ Kd6 24.Qg3+ Kc6 25.Ne6  1-0

[Event "TCh-HUN 2008-9"]
[Site "Nagykanizsa HUN"]
[Date "2009.02.08"]
[Round "7"]
[White "Varga,Zo"]
[Black "Balogh,C"]
[Result "1/2-1/2"]
[WhiteElo "2494"]
[BlackElo "2616"]

1.e4 c5 2.Nf3 e6 3.d4 cxd4 4.Nxd4 a6 5.Bd3 Bc5 6.Nb3 Ba7 7.Qe2 Nc6 8.Be3 Nge7
9.c4 d6 10.O-O e5 11.Nc3 O-O 12.Rad1 Be6 13.Nd5 a5 14.Bxa7 Rxa7 15.Qe3 a4
16.Nc1 Qa5 17.b4 axb3 18.Nxb3 Qa3 19.c5 Bxd5 20.exd5 Nxd5 21.Bxh7+ Kxh7 22.Rxd5 dxc5
23.Nxc5 Qxa2 24.Rd7 Kg8 25.Nxb7 Rb8 26.Rd2  1/2-1/2

[Event "ch-CZE"]
[Site "Decin CZE"]
[Date "2009.02.10"]
[Round "1"]
[White "Velicka,P"]
[Black "Mirumian,V"]
[Result "1/2-1/2"]
[WhiteElo "2464"]
[BlackElo "2508"]

1.e4 c5 2.Nf3 e6 3.d4 cxd4 4.Nxd4 a6 5.Bd3 Qb6 6.Nb3 d6 7.O-O Nf6 8.c4 Nbd7
9.Nc3 Be7 10.Be3 Qc7 11.f4 b6 12.Qe2 Bb7 13.Nd2 Rc8 14.Rae1 Qb8 15.Bf2 g6
16.Bd4 O-O 17.e5 Nh5 18.Be4  1/2-1/2

[Event "ch-CZE Juniors"]
[Site "Decin CZE"]
[Date "2009.02.11"]
[Round "2"]
[White "Oresky,J"]
[Black "Ponizil,C"]
[Result "0-1"]
[WhiteElo "2110"]
[BlackElo "2245"]

1.e4 c5 2.Nf3 e6 3.d4 cxd4 4.Nxd4 a6 5.Bd3 Qc7 6.O-O Nf6 7.Nc3 Nc6 8.Nxc6 bxc6
9.Qe2 d5 10.b3 Bd6 11.f4 Bc5+ 12.Kh1 Bd4 13.Bb2 Qa5 14.Na4 Bxb2 15.Nxb2 g6
16.c4 O-O 17.Na4 Rb8 18.Rac1 dxe4 19.Bxe4 c5 20.Rcd1 Bd7 21.Bc2 Bxa4 22.bxa4 Qc3
23.Rf3 Qb2 24.Rb3 Qxa2 25.Rxb8 Rxb8 26.Qe5 Rf8 27.Qc3 Rb8 28.Ra1 Qb2  0-1

[Event "TCh-FIN"]
[Site "Finland FIN"]
[Date "2009.02.14"]
[Round "6"]
[White "Pihlajasalo,H"]
[Black "Kauko,J"]
[Result "1-0"]
[WhiteElo "2248"]
[BlackElo "2274"]

1.e4 c5 2.Nf3 e6 3.d4 cxd4 4.Nxd4 a6 5.Bd3 Bc5 6.Nb3 Ba7 7.O-O Nc6 8.Qe2 d6
9.Be3 Bxe3 10.Qxe3 Nf6 11.c4 O-O 12.Nc3 e5 13.Rfd1 Be6 14.Bf1 Qe7 15.Nd5 Bxd5
16.exd5 Na7 17.Na5 Nc8 18.b4 Ng4 19.Qd2 f5 20.c5 Rf6 21.Nc4 b5 22.cxb6 Qb7
23.f3 Nh6 24.Qf2 Rb8 25.Rac1 Nxb6 26.Na5 Qa8 27.Rc6 Qa7 28.Nc4 Qe7 29.Nxb6 f4
30.Rdc1 Nf5 31.Rc7 Qd8 32.Rc8  1-0

[Event "TCh-FIN"]
[Site "Finland FIN"]
[Date "2009.02.15"]
[Round "7"]
[White "Nyysti,S"]
[Black "Miezis,N"]
[Result "1/2-1/2"]
[WhiteElo "2359"]
[BlackElo "2540"]

1.e4 c5 2.Nf3 e6 3.d4 cxd4 4.Nxd4 a6 5.Bd3 Nc6 6.Nxc6 dxc6 7.Nd2 Qc7 8.O-O Nf6
9.f4 e5 10.Nc4 Ng4 11.Qe1 h5 12.Nxe5 Nxe5 13.fxe5 Be6 14.Be3 Qxe5 15.Bf4 Qxb2
16.Rb1 Qd4+ 17.Be3 Qd7 18.Qa5 Bd6 19.a4 Qe7 20.Kh1 h4 21.Bg5 Qd7 22.Qc3 h3
23.Qxg7 hxg2+ 24.Kxg2 Rxh2+ 25.Kg1 Rh3 26.Qg8+ Bf8 27.Kg2 Rh5 28.Be2 Bh3+
29.Kg1 Bxf1 30.Bxh5 Bc4 31.Rd1 Qe6 32.Qh8 c5 33.e5 Qc6 34.Bg4 Bd5 35.c4 Qg6
36.Qh4 Be6 37.Bh5 Qg7 38.Kf2 Qxe5 39.Bf6 Qf5+ 40.Bf3 Qc2+ 41.Kg1 Qg6+ 42.Kh1 Qc2
43.Qh5 Qg6 44.Qe5 Be7 45.Bxe7 Kxe7 46.Qd6+ Kf6 47.Qf4+ Ke7 48.Bxb7 Qh5+ 49.Kg1 Rg8+
50.Bg2 Rc8 51.Qd6+ Kf6 52.Rd5 Qh6 53.Qe5+ Ke7 54.Qd6+ Kf6 55.Qe5+ Ke7 56.Qd6+ Kf6
57.Qe5+  1/2-1/2

[Event "ch-CZE Juniors"]
[Site "Decin CZE"]
[Date "2009.02.18"]
[Round "9"]
[White "Rojicek,V"]
[Black "Ponizil,C"]
[Result "1-0"]
[WhiteElo "2375"]
[BlackElo "2245"]

1.e4 c5 2.Nf3 e6 3.d4 cxd4 4.Nxd4 a6 5.Bd3 Bc5 6.Nb3 Be7 7.O-O d6 8.Nc3 Nf6
9.f4 Qc7 10.e5 dxe5 11.fxe5 Nfd7 12.Qg4 g6 13.Bf4 Nc6 14.Rae1 Ndxe5 15.Qg3 f6
16.Ne4 Rf8 17.Kh1 Bd7 18.Nbc5 O-O-O 19.Bc4 g5 20.Bxe5 Nxe5 21.Nxd7 Qxd7 22.Bb3 h6
23.h3 Kb8 24.Nxf6 Rxf6 25.Qxe5+ Qd6 26.Qe4 Rdf8 27.Rxf6 Rxf6 28.Bxe6 Bd8
29.Qd5 Bc7 30.Qxd6 Bxd6 31.Bc4 h5 32.Bd3 Kc7 33.g4 hxg4 34.hxg4 Rf4 35.Bf5 a5
36.Re8 Rf2 37.Rc8+ Kb6 38.Rg8 Bf4 39.Rg7 Re2 40.Kg1 Kc6 41.Kf1 Re5 42.a4 b6
43.c3 Re3 44.Rg6+ Kc7 45.Kf2 Kb7 46.Bb1 Kc7 47.Bc2 Kb7 48.Bd1 Re7 49.Bf3+ Ka7
50.Rg8 b5 51.axb5 Kb6 52.Be2 Rd7 53.Ra8 Ra7 54.Rc8 Rc7 55.Rb8+ Rb7 56.Rg8 Rd7
57.b3 Rd6 58.Ra8 Bd2 59.Ra6+ Kc5 60.b6 Rxb6 61.Rxa5+ Kd6 62.Bc4 Bxc3 63.Rxg5 Ke7
64.Rf5 Rg6 65.Kf3 Rd6 66.Rf7+ Ke8 67.g5 Bd2 68.Rf6 Ke7 69.Rxd6 Kxd6 70.g6 Bc3
71.b4 Ke7 72.b5 Kd6 73.Ke4 Bg7 74.Bf7 Ke7 75.b6  1-0

[Event "81st ch-StP"]
[Site "St Petersburg RUS"]
[Date "2009.02.20"]
[Round "4"]
[White "Pogosian,Vl"]
[Black "Kosov,Iv"]
[Result "1/2-1/2"]
[WhiteElo "2308"]
[BlackElo "2383"]

1.e4 c5 2.Nf3 e6 3.d4 cxd4 4.Nxd4 a6 5.Bd3 Bc5 6.Nb3 Ba7 7.Nc3 Nc6 8.Bf4 d6
9.Qd2 Nge7 10.Rd1 e5 11.Bg5 Be6 12.Be2 Nd4 13.Nxd4 Bxd4 14.Nd5 Bxd5 15.exd5 f6
16.Be3 Bxe3 17.fxe3 f5 18.O-O O-O 19.c4  1/2-1/2

[Event "Spring"]
[Site "Mukachevo UKR"]
[Date "2009.02.23"]
[Round "1"]
[White "Zambor,N"]
[Black "Kristofori,A"]
[Result "1-0"]
[WhiteElo "2308"]
[BlackElo "2012"]

1.e4 c5 2.Nf3 e6 3.d4 cxd4 4.Nxd4 a6 5.Bd3 Nc6 6.Be3 Nf6 7.Nc3 Qc7 8.Qe2 Bd6
9.O-O-O Bf4 10.Kb1 Bxe3 11.Qxe3 Nxd4 12.Qxd4 d6 13.Be2 b5 14.Bf3 e5 15.Qxd6 Qxd6
16.Rxd6 Be6 17.a3 Ke7 18.Rhd1 Rhb8 19.Be2 g5 20.Rc6 b4 21.axb4 Rxb4 22.b3 a5
23.Kc1 a4 24.bxa4 Ra7 25.f3 Bd7 26.Rxf6 Kxf6 27.Nd5+  1-0

[Event "ch-EST"]
[Site "Rakvere EST"]
[Date "2009.02.23"]
[Round "5"]
[White "Holvason,J"]
[Black "Kulaots,K"]
[Result "0-1"]
[WhiteElo "2108"]
[BlackElo "2573"]

1.e4 c5 2.Nf3 e6 3.d4 cxd4 4.Nxd4 a6 5.Bd3 Nf6 6.O-O Qc7 7.Qe2 d6 8.c4 g6
9.Nc3 Bg7 10.Rd1 O-O 11.h3 Nbd7 12.Nf3 Nh5 13.g4 Nhf6 14.Bf4 Ne5 15.Rac1 Nfd7
16.b3 b6 17.Bb1 Bb7 18.Nd4 Rad8 19.Bg5 Nf6 20.f4 Ned7 21.Bh4 Qb8 22.Nf3 Rc8
23.a3 Rfe8 24.Bg3 Qa8 25.Nd2 Red8 26.b4 Qb8 27.Nb3 Bc6 28.Qe3 Ba8 29.Nd2 Qb7
30.Ne2 d5 31.cxd5 exd5 32.Nf3 Nxe4 33.Bxe4 dxe4 34.Nfd4 Nf6 35.Bh4 Nd5 36.Qxe4 Re8
37.Qg2 Rxc1 38.Rxc1 Qd7 39.Qf2 Ne3 40.Nc2 Nxc2  0-1

[Event "TCh Paulista Interclub"]
[Site "Sao Paolo BRA"]
[Date "2009.02.28"]
[Round "2"]
[White "Gutierrez,Ce"]
[Black "De Souza,M"]
[Result "0-1"]
[WhiteElo "2002"]
[BlackElo "2338"]

1.e4 c5 2.Nf3 e6 3.d4 cxd4 4.Nxd4 a6 5.Bd3 Bc5 6.c3 d6 7.O-O Nf6 8.Be3 O-O
9.Kh1 e5 10.Nc2 Bxe3 11.Nxe3 Be6 12.c4 Nbd7 13.Nc3 Qb6 14.Qb3 Qc7 15.Ncd5 Bxd5
16.cxd5 Rfc8 17.Qa3 g6 18.b4 Qc3 19.Qxc3 Rxc3 20.Rfd1 Rac8 21.a4 a5 22.bxa5 Nc5
23.Bb5 Nfxe4 24.Kg1 Nb3 25.Rab1 Nxa5 26.g3 Nb3 27.Kg2 Nd4 28.Rb4 f5 29.Rd3 Nxb5  0-1

[Event "TCh-AUT 2nd Bundesliga Ost 2008-9"]
[Site "Austria AUT"]
[Date "2009.03.01"]
[Round "9"]
[White "Batyte,D"]
[Black "Kuthan,A"]
[Result "0-1"]
[WhiteElo "2142"]
[BlackElo "2201"]

1.e4 c5 2.Nf3 e6 3.d4 cxd4 4.Nxd4 a6 5.Bd3 Bc5 6.Nb3 Be7 7.O-O Qc7 8.f4 d6
9.Be3 Nc6 10.c4 Nf6 11.Nc3 O-O 12.Rc1 Qb8 13.g4 Re8 14.g5 Nd7 15.Rf3 g6 16.h4 Bf8
17.h5 Nb4 18.hxg6 fxg6 19.Be2 b5 20.cxb5 axb5 21.a3 Nc6 22.Bxb5 Bb7 23.a4 Bg7
24.Rh3 Nf8 25.Qd2 Rd8 26.f5 Ne5 27.f6 Bh8 28.Rf1 Nf7 29.Nd4 Qc7 30.Qh2 Ne5
31.f7+ Nxf7 32.Nxe6 Nxe6 33.Rxh7 Bg7 34.Rxg7+ Kxg7 35.Qd2 Ne5 36.Nd5 Bxd5
37.Qxd5 Qe7 38.Rf6 Nc7 39.Qd1 Nxb5 40.axb5 Rf8 41.Qxd6 Qxd6 42.Rxd6 Kh7 43.b6 Ra1+
44.Kg2 Re1 45.Bc5 Re2+ 46.Kg1 Rxb2 47.Rd1 Rf7 48.Kh1 Nf3  0-1

[Event "TCh-HUN 2008-9"]
[Site "Budapest HUN"]
[Date "2009.03.01"]
[Round "9"]
[White "Tomcsanyi,P"]
[Black "Schneider,Ve"]
[Result "1/2-1/2"]
[WhiteElo "2266"]
[BlackElo "2315"]

1.e4 c5 2.Nf3 e6 3.d4 cxd4 4.Nxd4 a6 5.Bd3 Nf6 6.O-O Qc7 7.Re1 Bc5 8.Nb3 Bd6
9.h3 Nc6 10.c4 b6 11.Nc3 Bb7 12.Bf1 h5 13.Qe2 Kf8 14.Be3  1/2-1/2

[Event "TCh-HUN 2008-9"]
[Site "Budapest HUN"]
[Date "2009.03.01"]
[Round "9"]
[White "Kerek,K"]
[Black "Rigo,Z"]
[Result "1/2-1/2"]
[WhiteElo "2325"]
[BlackElo "2390"]

1.e4 c5 2.Nf3 e6 3.d4 cxd4 4.Nxd4 a6 5.Bd3 Bc5 6.Nb3 Ba7 7.Qg4 Nf6 8.Qg3 d6
9.O-O Nc6 10.Nc3 b5 11.Kh1 O-O 12.Bg5 Nh5 13.Qh4 f6 14.Qxh5 fxg5 15.e5 g6
16.Bxg6 hxg6 17.Qxg6+ Kh8 18.Qh6+ Kg8 19.Qg6+ Kh8 20.Qh6+  1/2-1/2

[Event "25th Open"]
[Site "Cappelle la Grande FRA"]
[Date "2009.03.01"]
[Round "2"]
[White "Le Roux,JP"]
[Black "Grabinsky,V"]
[Result "1-0"]
[WhiteElo "2491"]
[BlackElo "2309"]

1.e4 c5 2.Nf3 e6 3.d4 cxd4 4.Nxd4 a6 5.Bd3 Nf6 6.O-O Qc7 7.Qf3 Bd6 8.h3 Nc6
9.Nxc6 dxc6 10.Bg5 Be5 11.Nd2 b5 12.Qe2 Bxb2 13.Rad1 e5 14.Nb3 Be6 15.c4 Ba3
16.f4 h6 17.Bh4 exf4 18.Kh1 g5 19.Be1 Qe5 20.Qc2 Qb2 21.Bc3 Qxc2 22.Bxc2 Ke7
23.Nd4 Rhc8 24.Nf5+ Bxf5 25.exf5 Nh5 26.Rf3 Bc5 27.cxb5 axb5 28.f6+ Kf8 29.Rfd3 Re8
30.Bb3 Ra7 31.Rd7 b4 32.Bxb4 Rxd7 33.Bxc5+ Kg8 34.Rxd7 Re1+ 35.Kh2 Nxf6 36.Bxf7+ Kg7
37.Bd4  1-0

[Event "TCh-HUN 2008-9"]
[Site "Nagykanizsa HUN"]
[Date "2009.03.01"]
[Round "9"]
[White "Veszpremi,A"]
[Black "Farago,I"]
[Result "0-1"]
[WhiteElo "2219"]
[BlackElo "2489"]

1.e4 c5 2.Nf3 e6 3.d4 cxd4 4.Nxd4 a6 5.Bd3 Nf6 6.O-O Qc7 7.Be3 d6 8.Nb3 Be7
9.a4 Nbd7 10.f4 b6 11.Nc3 Bb7 12.Qe2 O-O 13.g4 Nc5 14.Nd2 d5 15.e5 Nfe4 16.Ndxe4 Nxe4
17.Bd4 Bc5 18.Qe3 Bxd4 19.Qxd4 Rad8 20.Rad1 f6 21.Ne2 fxe5 22.fxe5 Ng5 23.Kg2 Nf7
24.Nf4 Qxe5 25.Qxe5 Nxe5 26.Nxe6 Rxf1 27.Rxf1 Re8 28.Nd4 Nxg4 29.Kg3 Nf6
30.Nf5 Re6 31.Kf4 g6 32.Nd4 Nh5+ 33.Kf3 Re5 34.Rf2 Kg7 35.Re2 Rxe2 36.Bxe2 Kf6
37.Ke3 Ng7 38.Bg4 h5 39.Bd7 g5 40.b4 Ke7 41.Bh3 Kd6 42.c3 g4 43.Bg2 Ke5 44.c4 h4
45.c5 bxc5 46.bxc5 Nf5+ 47.Nxf5 Kxf5 48.Kd4 h3 49.Bf1 Kf4 50.a5 Kf3 51.Kd3 g3  0-1

[Event "TCh-NED 2008-9"]
[Site "Netherlands NED"]
[Date "2009.03.07"]
[Round "6"]
[White "De Groote,J"]
[Black "Martens,M"]
[Result "1/2-1/2"]
[WhiteElo "1995"]
[BlackElo "2413"]

1.e4 c5 2.Nf3 e6 3.d4 cxd4 4.Nxd4 a6 5.Bd3 Nf6 6.c4 d6 7.O-O g6 8.Nc3 Bg7
9.Be3 O-O 10.Qe2 Qc7 11.Rac1 Nbd7 12.b3 b6 13.Rfd1 Bb7 14.Bb1 Rad8 15.f3 Qb8
16.Qd2 Ba8 17.Nde2 Ne5 18.Qd4 Nd5 19.exd5 Nxf3+ 20.gxf3 Bxd4 21.Bxd4 e5 22.Bf2 Qc7
23.a4 f5 24.Ng3 Bb7 25.Bd3 Bc8 26.Bf1 Rde8 27.Re1 Re7 28.Bg2 g5 29.a5 bxa5
30.Na4 Ree8 31.c5 dxc5 32.Bf1 Qg7 33.Rxc5 g4 34.Rec1 gxf3 35.Kh1 Bd7 36.Nb6 Bb5
37.Bxb5 axb5 38.Rg1 Kh8 39.d6 Rd8 40.d7 Rg8 41.Nxf5 Qf6 42.Rc8 Rgf8 43.Bh4 Qxf5
44.Rxd8 Rxd8 45.Bxd8 f2 46.Kg2 fxg1=Q+ 47.Kxg1 Qg4+ 48.Kf2 Qf4+ 49.Kg1 Qg4+
50.Kf2 Qf4+ 51.Kg1 Qg4+  1/2-1/2

[Event "TCh-NED 2008-9"]
[Site "Netherlands NED"]
[Date "2009.03.07"]
[Round "6"]
[White "Jens,J"]
[Black "Chuchelov,V"]
[Result "0-1"]
[WhiteElo "2397"]
[BlackElo "2575"]

1.e4 c5 2.Nf3 e6 3.d4 cxd4 4.Nxd4 a6 5.Bd3 Nf6 6.O-O Qc7 7.Qe2 d6 8.c4 g6
9.Nc3 Bg7 10.Nf3 O-O 11.Bf4 Nh5 12.Be3 Nd7 13.Rac1 Re8 14.Rfd1 b6 15.Qd2 Bf8
16.Bh6 Be7 17.Bg5 Nhf6 18.Bf4 Bb7 19.Bb1 Ne5 20.Nxe5 dxe5 21.Bg5 Red8 22.Qe2 Kg7
23.Rxd8 Rxd8 24.Rd1 Rc8 25.Bd3 Nxe4 26.Nxe4 Bxe4 27.Bxe7 Bxd3 28.Rxd3 Qxe7
29.Qxe5+ Qf6 30.Qxf6+ Kxf6 31.Rf3+ Ke7 32.Rc3 b5 33.b3 bxc4 34.bxc4 Rc5 35.Kf1 Ra5
36.Rb3 Rxa2 37.Rb7+ Kf6 38.c5 Rc2 39.Ra7 Rxc5 40.Rxa6 Rc1+ 41.Ke2 g5 42.h3 h5
43.Ra3 h4 44.Kf3 Rh1 45.Ra4 Kf5 46.g3 Rh2 47.Ra7 Kg6 48.Ra4 f5 49.gxh4 Rxh3+  0-1

[Event "Gipslis Mem GM"]
[Site "Riga LAT"]
[Date "2009.03.09"]
[Round "7"]
[White "Gorovykh,E"]
[Black "Mihailovs,J"]
[Result "1/2-1/2"]
[WhiteElo "2391"]
[BlackElo "2398"]

1.e4 c5 2.Nf3 e6 3.d4 cxd4 4.Nxd4 a6 5.Bd3 Bc5 6.Nb3 Ba7 7.Nc3 Nc6 8.Qe2 d6
9.Be3 Nge7 10.O-O b5 11.Bxa7 Rxa7 12.Qe3 e5 13.h4 Be6 14.h5 h6 15.Nb1 Nc8
16.f4 exf4 17.Qxf4 Qg5 18.Qxg5 hxg5 19.Be2 O-O  1/2-1/2

[Event "10th EICC"]
[Site "Budva MNE"]
[Date "2009.03.10"]
[Round "5"]
[White "Berbatov,K"]
[Black "Neverov,V"]
[Result "1/2-1/2"]
[WhiteElo "2392"]
[BlackElo "2560"]

1.e4 c5 2.Nf3 e6 3.d4 cxd4 4.Nxd4 a6 5.Bd3 Bc5 6.Nb3 Ba7 7.Qe2 Nc6 8.Be3 d6
9.O-O Nf6 10.N1d2 O-O 11.Bxa7 Rxa7 12.f4 e5 13.f5 b5 14.a4 bxa4 15.Rxa4 a5
16.Nc4 Bd7 17.Qe1 Qc7 18.Nbxa5 Nd4 19.Ra1 Bb5 20.Ne3 Qb6 21.c4 Bc6 22.Nxc6 Nxc6
23.Rxa7 Qxa7 24.Qf2 Qa4  1/2-1/2

[Event "10th EICC"]
[Site "Budva MNE"]
[Date "2009.03.11"]
[Round "6"]
[White "Sorgic,D"]
[Black "Panic,Ne"]
[Result "0-1"]
[WhiteElo "2278"]
[BlackElo "2407"]

1.e4 c5 2.Nf3 e6 3.d4 cxd4 4.Nxd4 a6 5.Bd3 Qc7 6.O-O Nf6 7.Qe2 Bd6 8.h3 Nc6
9.Nxc6 dxc6 10.Nd2 b5 11.f4 Bxf4 12.Rxf4 Qxf4 13.e5 Nd5 14.Nf3 Qb4 15.Qf2 Qe7
16.a4 Bb7 17.Ng5 f5 18.exf6 gxf6 19.Ne4 O-O-O 20.Nc5 Nb4 21.Bd2 Nxd3 22.cxd3 Rd5
23.b4 Rf5 24.Qe2 Rxc5 25.bxc5 Qxc5+ 26.Be3 Qd5 27.Rc1 Rd8 28.Bb6 Rg8 29.Rc5 Qd4+
30.Kh1 Kd7 31.a5 Qf4 32.d4 Rg3 33.Rh5 h6 34.Bc5 Rc3  0-1

[Event "Gipslis Mem GM"]
[Site "Riga LAT"]
[Date "2009.03.11"]
[Round "9"]
[White "Klovans,J"]
[Black "Mihailovs,J"]
[Result "1/2-1/2"]
[WhiteElo "2416"]
[BlackElo "2398"]

1.e4 c5 2.Nf3 e6 3.d4 cxd4 4.Nxd4 a6 5.Bd3 Bc5 6.Nb3 Ba7 7.Nc3 Nc6 8.Qg4 Nf6
9.Qg3 d6 10.O-O Ne5 11.Be2 b5 12.Bf4 b4 13.Rad1 Qe7 14.Rxd6 Ng6 15.e5 bxc3
16.exf6 gxf6 17.Bf3 Bb7 18.Na5 Bxf3 19.Qxf3 O-O 20.Nc6 Qc7 21.Bh6 Qxd6 22.Qxf6 Bd4
23.Nxd4 Qe5 24.Qxe5 Nxe5 25.Bxf8 Kxf8 26.bxc3 Rc8 27.Re1 Ng4 28.h3 Nf6 29.Re3 Nd5
30.Rf3 Ke7 31.Ne2 Rc4 32.Kf1 Ra4 33.Nc1 Rc4 34.Nd3 Rxc3 35.Nb4 Rxf3 36.Nxd5+ exd5
37.gxf3 d4 38.Ke2 Ke6 39.Kd3 Kd5  1/2-1/2

[Event "10th EICC"]
[Site "Budva MNE"]
[Date "2009.03.12"]
[Round "7"]
[White "Plenca,J"]
[Black "Chibukhchian,A"]
[Result "0-1"]
[WhiteElo "2248"]
[BlackElo "2444"]

1.e4 c5 2.Nf3 e6 3.d4 cxd4 4.Nxd4 a6 5.Bd3 Nf6 6.O-O d6 7.Qe2 Nbd7 8.Kh1 g6
9.f4 Bg7 10.Nc3 O-O 11.Be3 b5 12.a4 bxa4 13.Rxa4 Nc5 14.Nc6 Qc7 15.Bxc5 Qxc6
16.Ba3 Rd8 17.Rc4 Qb6 18.e5 Ne8 19.Na4 Qa7 20.exd6 Nxd6 21.Bc5 Qe7 22.f5 Qe8
23.Bxd6 Rxd6 24.f6 Bf8 25.h4 Bd7 26.Nc3 Rc8 27.Rg4 e5 28.Rg5 Rd4 29.Ne4 Bh6
30.Bxa6 Bxg5 31.Bxc8 Bb5 32.c4 Bxc4 33.Qf2 Bxh4  0-1

[Event "10th EICC"]
[Site "Budva MNE"]
[Date "2009.03.12"]
[Round "7"]
[White "Stojanovic,Da"]
[Black "Lamoureux,C"]
[Result "1-0"]
[WhiteElo "2469"]
[BlackElo "2374"]

1.e4 c5 2.Nf3 e6 3.d4 cxd4 4.Nxd4 a6 5.Bd3 Qc7 6.O-O Bc5 7.Nb3 Be7 8.f4 d6
9.Kh1 Nf6 10.c4 Nbd7 11.Nc3 b6 12.Bd2 Bb7 13.Qe2 O-O 14.Rae1 g6 15.Nd4 Rfe8
16.Nf3 Bf8 17.e5 Ng4 18.Ng5 dxe5 19.Qxg4 f5 20.Qe2 h6 21.Nh3 e4 22.Nxe4 fxe4
23.Bxe4 Kh7 24.Bc3 Rac8 25.Ng5+ Kg8 26.Bxb7 Qxb7 27.Qd3 Bg7 28.Nxe6 Rxe6
29.Rxe6 Nf8 30.Ree1 Bxc3 31.Qxc3 Qf7 32.b3 Nd7 33.Qd4 Rc6 34.Qe4 Qf6 35.Qd5+  1-0

[Event "FSIMA March"]
[Site "Budapest HUN"]
[Date "2009.03.13"]
[Round "7"]
[White "Arsenault,N"]
[Black "Tesik,C"]
[Result "1/2-1/2"]
[WhiteElo "2229"]
[BlackElo "2145"]

1.e4 c5 2.Nf3 e6 3.d4 cxd4 4.Nxd4 a6 5.Bd3 Bc5 6.Nb3 Be7 7.O-O d6 8.f4 Nd7
9.Qf3 Ngf6 10.Nc3 e5 11.Nd5 Nxd5 12.exd5 Bf6 13.f5 b5 14.Be3 Bb7 15.a4 b4
16.a5 Bg5 17.Bxg5 Qxg5 18.Ra4 Nf6 19.Be4 Qh4 20.Rxb4 Rb8 21.g3 Qg5 22.Rb6 Nd7
23.Rxd6 Qe7 24.Rxd7 Qxd7 25.f6 g6 26.Nc5 Qd6 27.b4 Ba8 28.c3 O-O 29.Qe3 Kh8
30.g4 Bxd5 31.Rd1 Qxf6 32.g5 Qe7 33.Rxd5 Rbd8 34.c4 f6 35.Rxd8 Rxd8 36.Bd5 Rf8
37.gxf6 Qxf6 38.Bg2 e4 39.Nb3 Rd8 40.Bxe4 Rd1+ 41.Kg2 Qb2+ 42.Kh3 Qe5 43.Nc5 Qh5+
44.Kg3 Qe5+  1/2-1/2

[Event "10th EICC"]
[Site "Budva MNE"]
[Date "2009.03.15"]
[Round "9"]
[White "Solic,K"]
[Black "Cvetkovic,Sr"]
[Result "0-1"]
[WhiteElo "2204"]
[BlackElo "2407"]

1.e4 c5 2.Nf3 e6 3.d4 cxd4 4.Nxd4 a6 5.Bd3 g6 6.Qe2 Bg7 7.c3 Nc6 8.Nxc6 bxc6
9.O-O Ne7 10.e5 O-O 11.Nd2 a5 12.f4 Qb6+ 13.Kh1 Ba6 14.Ne4 Nd5 15.c4 f5 16.Nd6 Nb4
17.Be3 c5 18.Rfd1 Rfb8 19.b3 Bf8 20.Bc2 a4 21.bxa4 Nxc2 22.Qxc2 Qb2 23.Qd3 Bxd6
24.Rdb1 Bxc4 25.Qxc4 Qxb1+ 26.Rxb1 Rxb1+ 27.Bg1 Bf8 28.h3 Rb4 29.Qd3 Ra7
30.a5 Ra4 31.Qb5 R4xa5 32.Qb8 Ra8 33.Qc7 R5a7 34.Qb6 Rxa2 35.Bxc5 R2a6 36.Qb4 Ra4
37.Qb6 R4a6 38.Qb4 Ra1+ 39.Kh2 R1a4 40.Qb6 Bxc5 41.Qxc5 Kf7 42.Qd6 Ke8 43.Kg3 h6
44.h4 g5 45.Qd1 Rxf4 46.Qh5+ Kd8 47.Qf7 Ra3+ 48.Kh2 Rxh4+ 49.Kg1 Ra1+ 50.Kf2 Ra2+
51.Kg1 Ra1+ 52.Kf2 Rf4+ 53.Kg3 Ra6 54.Qf8+ Kc7 55.Qc5+ Rc6 56.Qa5+ Kb7 57.Qb5+ Kc8
58.Qa5 Rfc4 59.Qa8+ Kc7 60.Qa5+ Kb7  0-1